000 00510 a2200181 4500
003 OSt
005 20231202102222.0
008 231202b |||||||| |||| 00| 0 eng d
020 _a9789355490575
040 _coclc
082 _a894.8123
_bSUR/U
100 _aSuresh, M.G.
_99971
245 _aUnmaadathinte Kathakal /
_cSuresh M.G.
250 _a1st ed.
260 _aKozhikode:
_bMathrubhumi Books,
_c2021.
300 _a248p.
942 _2ddc
_cBK
_h894.8123
_iSUR/U
_k894.8123
_mSUR/U
999 _c43923
_d43923